书目信息 |
| 题名: |
2005年考研数学知识点归纳与总结
|
|
| 作者: | 徐海军 主编 | |
| 分册: | ||
| 出版信息: | 北京 航空工业出版社 2004.08 |
|
| 页数: | 222页 | |
| 开本: | 30cm | |
| 丛书名: | 考研知识点归纳与总结系列用书 | |
| 单 册: | ||
| 中图分类: | O13-42 | |
| 科图分类: | ||
| 主题词: | 高等数学--gao deng shu xue--研究生--入学考试--自学参考资料 | |
| 电子资源: | ||
| ISBN: | 7-80183-420-8 | |
| 000 | 01168nam 2200289 450 | |
| 001 | 0136179140 | |
| 005 | 20051114145431.10 | |
| 010 | @a7-80183-420-8@dCNY18.00 | |
| 100 | @a20041221d2004 km y0chiy0120 ea | |
| 101 | 0 | @achi |
| 102 | @aCN@b110000 | |
| 105 | @aa z 000yy | |
| 200 | 1 | @a2005年考研数学知识点归纳与总结@A2005 nian kao yan shu xue zhi shi dian gui na yu zong jie@e经济类@f徐海军主编@Fxu hai jun zhu bian |
| 210 | @a北京@c航空工业出版社@d2004.08 | |
| 215 | @a222页@c图@d30cm | |
| 225 | 2 | @a考研知识点归纳与总结系列用书 |
| 300 | @a全国硕士研究生入学统一考试 | |
| 330 | @a本书是一部高等数学研究生入学考试的自学参考资料,全书精选近十八年真题,按章节进行分类并对真题详加分析,给考生作为自测使用,让考生直面真题。 | |
| 333 | @a高等数学研究者,高等院校相关专业师生及普通读者。 | |
| 410 | 0 | @12001 @a考研知识点归纳与总结系列用书 |
| 517 | 1 | @a经济类@Ajing ji lei |
| 517 | 1 | @a考研数学知识点归纳与总结@Akao yan shu xue zhi shi dian gui na yu zong jie |
| 606 | 0 | @a高等数学@Agao deng shu xue@x研究生@x入学考试@x自学参考资料 |
| 690 | @aO13-42@v4 | |
| 701 | 0 | @a徐海军@Axu hai jun@4主编 |
| 801 | 0 | @aCN@bQSSK@c20051114 |
| 905 | @a10447@dO13-42@eX722 | |
| 2005年考研数学知识点归纳与总结:经济类/徐海军主编.-北京:航空工业出版社,2004.08 |
| 222页:图;30cm.-(考研知识点归纳与总结系列用书) |
| 全国硕士研究生入学统一考试.-使用对象:高等数学研究者,高等院校相关专业师生及普通读者。 |
| ISBN 7-80183-420-8:CNY18.00 |
| 本书是一部高等数学研究生入学考试的自学参考资料,全书精选近十八年真题,按章节进行分类并对真题详加分析,给考生作为自测使用,让考生直面真题。 |
| ● |
| 相关链接 |
|
|
|
正题名:2005年考研数学知识点归纳与总结
索取号:O13-42/X722
 
预约/预借
| 序号 | 登录号 | 条形码 | 馆藏地/架位号 | 状态 | 备注 |
| 1 | 575684 | 205756840 | 自科库401/401自科库 108排4列5层/ [索取号:O13-42/X722] | 在馆 | |
| 2 | 575685 | 205756859 | 自科库401/401自科库 108排4列5层/ [索取号:O13-42/X722] | 在馆 | |
| 3 | 575686 | 205756868 | 自科库401/401自科库 108排4列5层/ [索取号:O13-42/X722] | 在馆 |